000 00410nam a2200145Ia 4500
008 100122s9999 xx 000 0 und d
082 _b14789
_a823
100 _aलाटे दीनानाथ
245 _aमुखवटे
260 _bयुवा प्रकाशन संस्था
_c1968
300 _a172
630 _aमुखवटे
730 _aमुखवटे
942 _cBOOK
999 _c405160
_d405157